Introduction to business : (Record no. 5388)

MARC details
000 -LEADER
fixed length control field 01681cam a22002054a 4500
020 ## - INTERNATIONAL STANDARD BOOK NUMBER
ISBN 0073524565 (alk. paper)
020 ## - INTERNATIONAL STANDARD BOOK NUMBER
ISBN 0073224367 (set)
020 ## - INTERNATIONAL STANDARD BOOK NUMBER
ISBN 9780073524566
020 ## - INTERNATIONAL STANDARD BOOK NUMBER
ISBN 9780073224367
050 00 - CALL NUMBER
Classification number HD31
Item number .J5977
100 1# - AUTHOR
Personal name Jones, Gareth R.
245 10 - TITLE
Title Introduction to business :
Remainder of title how companies create value for people /
Statement of responsibility, etc Gareth R. Jones.
260 ## - PUBLICATION INFORMATION
Place of publication Boston :
Name of publisher McGraw-Hill/Irwin,
Year of publication c2007.
300 ## - DESCRIPTION
Number of Pages xv, 507, G-10, N-5, PC-1, I-17 p. :
Other physical details col. ill. ;
Dimensions 28 cm. +
Accompanying material 1 DVD-ROM (4 3/4 in.)
505 0# - FORMATTED CONTENTS NOTE
Table of Content What is business? --<br/>The evolution of business --<br/>Entrepreneurs, managers, and employees --<br/>Multinationals and the global environment of business --<br/>Business ethics and the legal environment of business --<br/>Leadership, influence, and the communication of business --<br/>Motivating and managing people and groups in business organizations --<br/>The structure and culture of a business organization --<br/>Information technology and E-commerce : managing information, knowledge, and business relationships --<br/>Marketing and product development : creating and positioning goods and services --<br/>Sales, distribution, and customer relationship management : reaching and satisfying customers --<br/>Operations and materials management : managing the production and flow of goods and services --<br/>Human resource management : acquiring and building employees' skills and capabilities --<br/>Accounting : measuring how efficiently and effectively resources are creating value and profit --<br/>Finance : balancing risk and return to increase profitability.
650 #0 - SUBJECTS
Topical Term Industrial management.
650 #0 - SUBJECTS
Topical Term Business.
650 #0 - SUBJECTS
Topical Term Industries
General subdivision Social aspects.
942 ## - ADDED ENTRY ELEMENTS (KOHA)
Koha item type Books
Holdings
Withdrawn status Lost status Collection code Home library Current library Shelving location Date acquired Full call number Accession Number Koha item type
    Reference Methodist University Library Main Methodist University Library Main General Stacks 21/06/2019 HD31 .J5977 37731 Books
Copyright © 2026  MUG Library